| 000 | 00665nam a22001817a 4500 | ||
|---|---|---|---|
| 005 | 20250428111938.0 | ||
| 008 | 200203b ||||| |||| 00| 0 eng d | ||
| 020 | _a978-621-427-004-0 | ||
| 082 |
_22018 _aDFil 657 _bT481 |
||
| 100 |
_aTimbang, Ferdinand L. _941493 |
||
| 245 |
_aComputer dot com practice set in accounting : _bbook 1 introduction book _cFerdinand L. Timbang |
||
| 260 |
_aManila: _bUnlimited Books Library Services & Publishing Inc., _c©2018. |
||
| 300 |
_avi, 43 pages: _billustration; _c28 cm. |
||
| 500 | _aIncludes references. | ||
| 600 |
_aAccounting -- Problems, exercises, etc. _941494 |
||
| 650 |
_aAccounting. _941495 |
||
| 942 |
_2ddc _cDFIL |
||
| 999 |
_c14946 _d14946 |
||